CLASSIC TALES OF INDIA FOR CHILDREN (Record no. 379933)

MARC details
000 -LEADER
fixed length control field 00430nam a2200157Ia 4500
008 - FIXED-LENGTH DATA ELEMENTS--GENERAL INFORMATION
fixed length control field 100122s9999 xx 000 0 und d
082 ## - DEWEY DECIMAL CLASSIFICATION NUMBER
Item number 65224
Classification number 823.08
100 ## - MAIN ENTRY--PERSONAL NAME
Personal name MEHTA ANURAG
245 ## - TITLE STATEMENT
Title CLASSIC TALES OF INDIA FOR CHILDREN
250 ## - EDITION STATEMENT
Edition statement 1
260 ## - PUBLICATION, DISTRIBUTION, ETC. (IMPRINT)
Name of publisher, distributor, etc NITA MEHTA PUBLICATIONS
Date of publication, distribution, etc 2003
300 ## - PHYSICAL DESCRIPTION
Extent 192
630 ## - SUBJECT ADDED ENTRY--UNIFORM TITLE
Uniform title CLASSIC TALES OF INDIA FOR CHILDREN
730 ## - ADDED ENTRY--UNIFORM TITLE
Uniform title CLASSIC TALES OF INDIA FOR CHILDREN
942 ## - ADDED ENTRY ELEMENTS (KOHA)
Koha item type Book
Holdings
Withdrawn status Lost status Damaged status Not for loan Home library Current library Date acquired Cost, normal purchase price Total Checkouts Full call number Barcode Date last seen Cost, replacement price Price effective from Koha item type Public note
        S.V. Pathak Library, Vile Parle S.V. Pathak Library, Vile Parle 06/15/2004 250.00   65224 SVPPARLE-65224 01/25/2010 250.00 01/25/2010 Book ", , General, NA"